000 00825nam a2200217Ia 4500
999 _c38494
_d38494
001 4507
003 GE_BSU
005 20191016154824.0
008 181216s2012||||ge |||||||||||||| ||geo||
020 _a9789941177798
040 _cGE_BSU
041 _ageo
080 _a657.1(075.8) ბ–31
100 _aბაუჩაძე, ბესიკ
_92958
245 _aმმართველობითი აღრიცხვა :
_bსახელმძღვ. /
_cრედ. ელენე ხარაბაძე.
264 _aთბ. :
_bუნივერსალი,
_c2012.
300 _a211 გვ. ;
_b20 სმ.
653 _aმმართველობითი აღრიცხვა
700 _a ხარაბაძე, ელენე
_eრედაქტორი
_94753
942 _cBK
_2udc